header

Africa called (Record no. 62127)

MARC details
000 -LEADER
fixed length control field 01552nam a2200373 a 4500
082 04 - DEWEY DECIMAL CLASSIFICATION NUMBER
Classification number 966.903092
100 1# - MAIN ENTRY--AUTHOR NAME
Personal name Hayward, Alan,
245 10 - TITLE STATEMENT
Title Africa called
260 ## - PUBLICATION, DISTRIBUTION, ETC. (IMPRINT)
Place of publication London ;
-- New York :
Name of publisher Radcliffe Press ;
Place of publication New York :
Name of publisher In the United States and in Canada distributed by Palgrave Macmillan,
Year of publication c2008.
300 ## - PHYSICAL DESCRIPTION
Number of Pages xxiv, 198 p., [8] p. of plates :
Other physical details ill. (some col.), maps.
650 #0 - SUBJECT ADDED ENTRY--TOPICAL TERM
Topical Term Food engineers
Topical Term Food engineers
Topical Term British
856 40 - ELECTRONIC LOCATION AND ACCESS
Uniform Resource Identifier http://site.ebrary.com/lib/rucke/Doc?id=10310799

No items available.

© 2026 Rongo University
Contact us: librarian | system librarian | Rongo university